Catalog

Record Details

Catalog Search



Available copies

  • 2 of 2 copies available at LARL/NWRL Consortium.
  • 2 of 2 copies available at Lake Agassiz Regional Library. (Show preferred library)

Current holds

0 current holds with 2 total copies.

Show Only Available Copies
Location Call Number / Copy Notes Barcode Shelving Location Status Due Date
Climax Public Library SEG (Text) 33500014140503 Main Available -
Moorhead Public Library SEG (Text) 33500014140495 Main Available -

Record details

  • ISBN: 9781250801777
  • ISBN: 125080177X
  • Physical Description: 306 pages : illustrations ; 25 cm
  • Edition: First edition.
  • Publisher: New York, NY : Flatiron Books, 2024.

Content descriptions

Summary, etc.:
"Alex Segura, LA Times Book Prize-winning author ... Read More
Subject: Comics artists > Fiction.
Superheroes > Fiction.
Women detectives > Fiction.
Secrecy > Fiction.
Genre: Suspense fiction.
Mystery fiction.
Thrillers (Fiction)
Detective and mystery fiction.
Novels.
LDR 03363cam a2200517 i 4500
001437275
003LARL_NWRL_CONSORTIUM
00520250116154438.0
008240513t20242024nyua 000 f eng
010 . ‡a 2024022183
040 . ‡aDLC ‡beng ‡erda ‡cDLC ‡dOCLCO ‡dYDX ‡dBDX ‡dIG# ‡dCCPLG ‡dDYJ ‡dJOZ ‡dIH9 ‡dOCLCO ‡dMWD ‡dYDX ‡dYU6
019 . ‡a1414164002 ‡a1464660265
020 . ‡a9781250801777 ‡qhardcover
020 . ‡a125080177X ‡qhardcover
020 . ‡z9781250801784 ‡qelectronic book
035 . ‡a(OCoLC)1434114315 ‡z(OCoLC)1414164002 ‡z(OCoLC)1464660265
042 . ‡apcc
08200. ‡a813/.6 ‡223/eng/20240513
1001 . ‡aSegura, Alex, ‡d1980- ‡eauthor. ‡1https://id.oclc.org/worldcat/entity/E39PCjDqKdXYYB4q9Qm4PhxQ4q
24510. ‡aAlter ego / ‡cAlex Segura.
250 . ‡aFirst edition.
264 1. ‡aNew York, NY : ‡bFlatiron Books, ‡c2024.
264 4. ‡c©2024
300 . ‡a306 pages : ‡billustrations ; ‡c25 cm
336 . ‡atext ‡btxt ‡2rdacontent
337 . ‡aunmediated ‡bn ‡2rdamedia
338 . ‡avolume ‡bnc ‡2rdacarrier
4900 . ‡aSecret identity ; ‡v2
520 . ‡a"Alex Segura, LA Times Book Prize-winning author of Secret Identity, returns with a clever and escapist mystery set in the world of comic books. In the present day, a comics legend is given the chance to revive a beloved but forgotten character. But at what price? Annie Bustamante is a cultural force like none other: an acclaimed filmmaker, an author, a comic book artist known for one of the all time best superhero comics in recent memory. But she's never been able to tackle her longtime favorite superhero, the Lethal Lynx. Only known to the most die-hard comics fans and long out of print, the rights were never available-until now. But Annie is skeptical of who is making the offer: Bert Carlyle's father started Triumph Comics, and has long claimed ownership of the Lynx. When she starts getting anonymous messages urging her not to trust anyone, Annie's inner alarms go off. Even worse? Carlyle wants to pair her with a disgraced filmmaker for a desperate media play. Annie, who has been called a genius, a sell-out, a visionary, a hack, and everything else under the sun, is sick of the money grab. For the first time since she started reading a tattered copy of The Legendary Lynx #1 as a kid, she feels a pure, creative spark. The chance to tell a story her way. She's not about to let that go. Even if it means uncovering the dark truth about the character she loves. Sharply written, deftly plotted, and with a palpable affection for all kinds of storytelling, Alter Ego is a one-of-a-kind reading experience"-- ‡cProvided by publisher.
650 0. ‡aComics artists ‡vFiction.
650 0. ‡aSuperheroes ‡vFiction.
650 0. ‡aWomen detectives ‡vFiction. ‡0(LARL_NWRL_CONSORTIUM)167906
650 7. ‡aSecrecy ‡vFiction. ‡2sears ‡0(LARL_NWRL_CONSORTIUM)167261
655 0. ‡aSuspense fiction.
655 0. ‡aMystery fiction.
655 7. ‡aThrillers (Fiction) ‡2lcgft
655 7. ‡aDetective and mystery fiction. ‡2lcgft
655 7. ‡aNovels. ‡2lcgft
901 . ‡a437275 ‡bOCoLC ‡c437275 ‡tbiblio ‡soclc

Additional Resources